000
00246nam a22000977a 4500
008
240831b |||||||| |||| 00| 0 eng d
020
_a
9780600620983
100
_a
Farrow Joanna
_9
7793
245
_a
200 CupCakes
260
_a
Great Britan
_b
Hamlyn
_c
2010
999
_c
12635
_d
12635